Junie B. Jones and the yucky blucky fruitcake / (Record no. 34193)
[ view plain ]
| 000 -LEADER | |
|---|---|
| fixed length control field | 01936cam a2200469 a 4500 |
| 003 - CONTROL NUMBER IDENTIFIER | |
| control field | OCoLC |
| 005 - DATE AND TIME OF LATEST TRANSACTION | |
| control field | 20241220114347.0 |
| 008 - FIXED-LENGTH DATA ELEMENTS--GENERAL INFORMATION | |
| fixed length control field | 941027s1995 nyua b 000 1 eng |
| 001 - CONTROL NUMBER | |
| control field | ocm31604415 |
| 010 ## - LIBRARY OF CONGRESS CONTROL NUMBER | |
| LC control number | 94040891 |
| 020 ## - INTERNATIONAL STANDARD BOOK NUMBER | |
| International Standard Book Number | 0679866949 |
| 020 ## - INTERNATIONAL STANDARD BOOK NUMBER | |
| International Standard Book Number | 0679966943 (GLB) |
| 035 ## - SYSTEM CONTROL NUMBER | |
| System control number | (Sirsi) i9780679866947 |
| 040 ## - CATALOGING SOURCE | |
| Original cataloging agency | DLC |
| Transcribing agency | DLC |
| Modifying agency | BAKER |
| -- | UINTA |
| 042 ## - AUTHENTICATION CODE | |
| Authentication code | lcac |
| 049 ## - LOCAL HOLDINGS (OCLC) | |
| Holding library | UCLB |
| 050 00 - LIBRARY OF CONGRESS CALL NUMBER | |
| Classification number | PZ7.P2197 |
| Item number | Jtu 1995 |
| 082 00 - DEWEY DECIMAL CLASSIFICATION NUMBER | |
| Classification number | [Fic] |
| Edition number | 20 |
| 092 ## - LOCALLY ASSIGNED DEWEY CALL NUMBER (OCLC) | |
| Classification number | PARK |
| 100 1# - MAIN ENTRY--PERSONAL NAME | |
| Personal name | Park, Barbara. |
| 9 (RLIN) | 14134 |
| 245 10 - TITLE STATEMENT | |
| Title | Junie B. Jones and the yucky blucky fruitcake / |
| Statement of responsibility, etc | by Barbara Park ; illustrated by Denise Brunkus. |
| 260 ## - PUBLICATION, DISTRIBUTION, ETC. (IMPRINT) | |
| Place of publication, distribution, etc | New York : |
| Name of publisher, distributor, etc | Random House, |
| Date of publication, distribution, etc | 1995. |
| 300 ## - PHYSICAL DESCRIPTION | |
| Extent | 71 p. : |
| Other physical details | ill. ; |
| Dimensions | 19 cm. |
| 490 1# - SERIES STATEMENT | |
| Series statement | The Junie B. Jones series ; |
| Volume number/sequential designation | #5 |
| 521 ## - TARGET AUDIENCE NOTE | |
| Target audience note | "RL: 2.1"--Cover p. [4]. |
| 500 ## - GENERAL NOTE | |
| General note | "A first stepping stone book." |
| 520 ## - SUMMARY, ETC. | |
| Summary, etc | Junie, a spunky, sometimes exasperating, kindergartener, looks forward to winning lots of prizes at the school carnival, but a fruit cake was not exactly what she had in mind. |
| 650 #0 - SUBJECT ADDED ENTRY--TOPICAL TERM | |
| Topical term or geographic name as entry element | Kindergarten |
| Form subdivision | Juvenile fiction. |
| 9 (RLIN) | 5711594 |
| 650 #1 - SUBJECT ADDED ENTRY--TOPICAL TERM | |
| Topical term or geographic name as entry element | Schools |
| Form subdivision | Fiction. |
| 9 (RLIN) | 5673727 |
| 650 #0 - SUBJECT ADDED ENTRY--TOPICAL TERM | |
| Topical term or geographic name as entry element | Carnivals |
| Form subdivision | Juvenile fiction. |
| 9 (RLIN) | 5701601 |
| 650 #1 - SUBJECT ADDED ENTRY--TOPICAL TERM | |
| Topical term or geographic name as entry element | Behavior |
| Form subdivision | Fiction. |
| 9 (RLIN) | 5673643 |
| 700 1# - ADDED ENTRY--PERSONAL NAME | |
| Personal name | Brunkus, Denise, |
| 9 (RLIN) | 31021 |
| 800 1# - SERIES ADDED ENTRY--PERSONAL NAME | |
| Personal name | Park, Barbara. |
| Title of a work | Junie B. Jones series; |
| Volume/sequential designation | #5. |
| 9 (RLIN) | 51734 |
| 856 42 - ELECTRONIC LOCATION AND ACCESS | |
| Materials specified | Contributor biographical information |
| Uniform Resource Identifier | <a href="http://www.loc.gov/catdir/bios/random057/94040891.html">http://www.loc.gov/catdir/bios/random057/94040891.html</a> |
| 856 41 - ELECTRONIC LOCATION AND ACCESS | |
| Materials specified | Sample text |
| Uniform Resource Identifier | <a href="http://www.loc.gov/catdir/samples/random043/94040891.html">http://www.loc.gov/catdir/samples/random043/94040891.html</a> |
| 856 42 - ELECTRONIC LOCATION AND ACCESS | |
| Materials specified | Publisher description |
| Uniform Resource Identifier | <a href="http://www.loc.gov/catdir/description/random047/94040891.html">http://www.loc.gov/catdir/description/random047/94040891.html</a> |
| 938 ## - | |
| -- | Baker & Taylor |
| -- | BKTY |
| -- | 3.99 |
| -- | 2.99 |
| -- | 0679866949 |
| -- | 0002596814 |
| -- | active |
| 938 ## - | |
| -- | Baker & Taylor |
| -- | BKTY |
| -- | 11.99 |
| -- | 11.99 |
| -- | 0679966943 |
| -- | 0002596815 |
| -- | active |
| -- | B&T Title: Junie B. Jones & the Yucky Blucky Fruitcake |
| 942 ## - ADDED ENTRY ELEMENTS (KOHA) | |
| Koha item type | BOOK |
| 994 ## - | |
| -- | C0 |
| -- | UINTA |
| 998 ## - LOCAL CONTROL INFORMATION (RLIN) | |
| -- | a74625 |
| Withdrawn status | Lost status | Source of classification or shelving scheme | Damaged status | Not for loan | Collection code | Home library | Current library | Shelving location | Date acquired | Source of acquisition | Total Checkouts | Total Renewals | Full call number | Barcode | Date last seen | Date checked out | Cost, replacement price | Price effective from | Koha item type |
|---|---|---|---|---|---|---|---|---|---|---|---|---|---|---|---|---|---|---|---|
| Dewey Decimal Classification | Junior Fiction | Wasatch County Library | Wasatch County Library | Main Floor Junior Area | 06/07/2022 | Amazon | 16 | 21 | J Park | 34301001840406 | 02/19/2026 | 01/08/2026 | 14.75 | 06/07/2022 | BOOK |
